Statystyki dla Największe miasta Polski w 1931.

Kliknij tutaj aby rozwiązać quiz!

Ogólne statystyki

  • Ten quiz został rozwiązany 270 razy
  • Średni wynik to 14 z 20

Statystyki odpowiedzi

#LudnośćMiasto% Poprawnych
5.221 260Kraków
99%
1.1 178 914Warszawa
99%
2.605 467Łódź
92%
4.246 698Poznań
91%
3.316 177Lwów
89%
12.91 335Białystok
86%
7.127 044Katowice
86%
6.196 383Wilno
84%
10.112 539Lublin
83%
9.117 528Bydgoszcz
80%
19.54 280Toruń
80%
14.78 073Radom
70%
16.58 397Kielce
69%
8.117 588Częstochowa
65%
11.109 454Sosnowiec
58%
15.60 256Stanisławów
45%
13.80 734Królewska Huta
35%
18.55 125Kalisz
34%
20.51 379Przemyśl
33%
17.56 277Włocławek
28%

Rozkład punktacji

Percentyl według liczby udzielonych odpowiedzi

Procent ludzi z każdym wynikiem

Twoja historia wyników

Nie rozwiązałeś tego quizu